Foto auto box
| Previous Title: | Foto auto bývanie |
|---|---|
| Other Authors: | |
| Format: | Journal |
| Language: | Slovak |
| PhysicalDescription: | zv. 30 cm |
| Published: |
Banská Bystrica
Róbert Briš-FAB
2004-
Banská Bystrica FAB Co. s. r. o. |
| ISSN: | 1336-4227 1335-7751 |
| Subjects: | |
| Online Access: | http://www.fab.sk |
MARC
| LEADER | 00000cas a2200000 a 4500 | ||
|---|---|---|---|
| 001 | vtls008419423 | ||
| 003 | SK-MaSNL | ||
| 005 | 20260228160934.0 | ||
| 008 | 051219c20049999xo mr|p 0 b0slo | ||
| 022 | |a 1336-4227 | ||
| 040 | |a SVKPO |b slo |c SVKPO |d SNK |d SVKBB |e AACR2 | ||
| 041 | 0 | |a slo | |
| 044 | |a xo |c SK | ||
| 072 | 7 | |a 796 |x Šport. Hry. Telesné cvičenia |2 konspekt | |
| 080 | |a 796.7 |2 2011 | ||
| 080 | |a 643 |2 2011 | ||
| 080 | |a 629.331 |2 2011 | ||
| 080 | |a 070.485 |2 2011 | ||
| 080 | |a 050 |2 2011 | ||
| 210 | 0 | |a Foto auto box | |
| 222 | 0 | |a Foto auto box | |
| 245 | 0 | 0 | |a Foto auto box |
| 246 | 1 | 3 | |a FAB |
| 246 | 1 | 3 | |a FAB foto auto box |
| 260 | |a Banská Bystrica |b Róbert Briš-FAB |c 2004- | ||
| 260 | 3 | |3 2007- |a Banská Bystrica |b FAB Co. s. r. o. | |
| 300 | |a zv. |c 30 cm | ||
| 310 | |a 1x mesačne | ||
| 362 | 0 | |a Roč. 4, č. 1 (2004)- | |
| 500 | |a Registračné č.: EV 818/08 | ||
| 500 | |a Šéfredaktor: Róbert Briš | ||
| 500 | |a Podnázov sa mení | ||
| 500 | |a Chybné ročníkovanie | ||
| 500 | |a Podnázov uvedený v tiráži: motoristický inzertný mesačník vydávaný v slovenskom jazyku | ||
| 500 | |a Podnázov na titulnej strane: najstarší slovenský autobazár v tlačenej verzii | ||
| 515 | |a Označenie ročníka r. 2004 zhodné s r. 2003 (Foto auto bývanie) - roč. 7, rovnako aj rok 2005. Chybné označenie pokračuje aj v r. 2006-2009. | ||
| 515 | |a V r. 2020 označenie roč. XXI | ||
| 515 | |a Niektoré čísla vychádzajú ako dvojčíslo | ||
| 650 | 0 | 7 | |a motorizmus |2 SNKPH |9 3265 |
| 650 | 0 | 7 | |a Automobiles |2 SNKPHeng |9 265520 |
| 650 | 0 | 7 | |a automobily |2 SNKPH |9 18879 |
| 650 | 0 | 7 | |a inzercia |2 SNKPH |9 22087 |
| 655 | 7 | |a inzertné časopisy |2 SNKPH |9 70809 | |
| 655 | 7 | |a motoristické časopisy |2 SNKPH |9 267643 | |
| 700 | 1 | |a Briš, Róbert |4 pbd |9 267644 | |
| 780 | 0 | 0 | |t Foto auto bývanie |x 1335-7751 |w vtls008881207 |
| 850 | |a Štátna vedecká knižnica v Prešove | ||
| 856 | 4 | 1 | |u http://www.fab.sk |
| 910 | |a snk | ||
| 910 | |a svkpo | ||
| 910 | |a svkbb | ||
| 999 | |c 3952 |d 5882 | ||
| 952 | |0 0 |1 0 |4 0 |7 0 |8 0 |a SNK |b SNK |d 2024-12-11 |i snk2024/18433 |l 0 |o snkČSB 6020/23/2022-2023 D1 |p 17A1525217 |r 2026-02-21 19:30:26 |t č. 2-12/1, neúplné |w 2026-02-21 |y PREZ |z Chýba č. 6-7, 8-9 | ||
| 952 | |0 0 |1 0 |4 0 |7 0 |8 0 |a SNK |b SNK |d 2015-08-10 |i snk2015/24101 |l 0 |o snkČSB 6020/7[8]/2005 D1 |p 17A1145388 |r 2026-02-21 19:46:00 |t č. 1-12 |w 2026-02-21 |y PREZ | ||
| 952 | |0 0 |1 0 |4 0 |7 0 |8 0 |a SNK |b SNK |d 2015-08-10 |i snk2015/24102 |l 0 |o snkČSB 6020/8[9]/2006/1 |p 17A1145387 |r 2026-02-21 19:46:00 |t č. 1-6 |w 2026-02-21 |y PREZ | ||
| 952 | |0 0 |1 0 |4 0 |7 0 |8 0 |a SNK |b SNK |d 2015-08-10 |i snk2015/24103 |l 0 |o snkČSB 6020/8[9]/2006/1 D1 |p 17A1145386 |r 2026-02-21 19:46:00 |t č. 1-6 |w 2026-02-21 |y PREZ | ||
| 952 | |0 0 |1 0 |4 0 |7 0 |8 0 |a SNK |b SNK |d 2015-08-10 |i snk2015/24104 |l 0 |o snkČSB 6020/9[10]/2007/1 |p 17A1145385 |r 2026-02-21 19:46:03 |t č. 1-6 |w 2026-02-21 |y PREZ | ||
| 952 | |0 0 |1 0 |4 0 |7 0 |8 0 |a SNK |b SNK |d 2015-08-10 |i snk2015/24105 |l 0 |o snkČSB 6020/9[10]/2007/1 D1 |p 17A1145384 |r 2026-02-21 19:46:08 |t č. 1-6 |w 2026-02-21 |y PREZ | ||
| 952 | |0 0 |1 0 |4 0 |7 0 |8 0 |a SNK |b SNK |d 2015-08-10 |i snk2015/24100 |l 0 |o snkČSB 6020/7[8]/2005 |p 17A1145389 |r 2026-02-21 19:46:14 |t č. 1-12 |w 2026-02-21 |y PREZ | ||
| 952 | |0 0 |1 0 |4 0 |7 0 |8 0 |a SNK |b SNK |d 2015-08-10 |i snk2015/24115 |l 0 |o snkČSB 6020/10[11]/2008/1 |p 17A1145383 |r 2026-02-21 19:46:14 |t č. 1-5 |w 2026-02-21 |y PREZ | ||
| 952 | |0 0 |1 0 |4 0 |7 0 |8 0 |a SNK |b SNK |d 2015-08-10 |i snk2015/24118 |l 0 |o snkČSB 6020/10[11]/2008/1 D1 |p 17A1145382 |r 2026-02-21 19:46:14 |t č. 1-5 |w 2026-02-21 |y PREZ | ||
| 952 | |0 0 |1 0 |4 0 |7 0 |8 0 |a SNK |b SNK |d 2015-08-11 |i snk2015/24162 |l 0 |o snkČSB 6020/14/2011/1 |p 17A1145377 |r 2026-02-21 19:46:16 |t č. 1-6 |w 2026-02-21 |y PREZ | ||
| 952 | |0 0 |1 0 |4 0 |7 0 |8 0 |a SNK |b SNK |d 2015-08-10 |i snk2015/24135 |l 0 |o snkČSB 6020/11[12]/2009/1 |p 17A1145381 |r 2026-02-21 19:46:17 |t č. 1-6 |w 2026-02-21 |y PREZ | ||
| 952 | |0 0 |1 0 |4 0 |7 0 |8 0 |a SNK |b SNK |d 2015-08-10 |i snk2015/24136 |l 0 |o snkČSB 6020/11[12]/2009/1 D1 |p 17A1145380 |r 2026-02-21 19:46:17 |t č. 1-6 |w 2026-02-21 |y PREZ | ||
| 952 | |0 0 |1 0 |4 0 |7 0 |8 0 |a SNK |b SNK |d 2015-08-10 |i snk2015/24145 |l 0 |o snkČSB 6020/13/2010/1 |p 17A1145379 |r 2026-02-21 19:46:17 |t č. 1-6 |w 2026-02-21 |y PREZ | ||
| 952 | |0 0 |1 0 |4 0 |7 0 |8 0 |a SNK |b SNK |d 2015-08-10 |i snk2015/24156 |l 0 |o snkČSB 6020/13/2010/1 D1 |p 17A1145378 |r 2026-02-21 19:46:17 |t č. 1-6 |w 2026-02-21 |y PREZ | ||
| 952 | |0 0 |1 0 |4 0 |7 0 |8 0 |a SNK |b SNK |d 2015-08-11 |i snk2015/24189 |l 0 |o snkČSB 6020/8[9]/2006/2 |p 17A1085290 |r 2026-02-21 19:46:21 |t č. 7-12 |w 2026-02-21 |y PREZ | ||
| 952 | |0 0 |1 0 |4 0 |7 0 |8 0 |a SNK |b SNK |d 2015-08-11 |i snk2015/24192 |l 0 |o snkČSB 6020/8[9]/2006/2 D1 |p 17A1089182 |r 2026-02-21 19:46:21 |t č. 7-12 |w 2026-02-21 |y PREZ | ||
| 952 | |0 0 |1 0 |4 0 |7 0 |8 0 |a SNK |b SNK |d 2015-08-11 |i snk2015/24197 |l 0 |o snkČSB 6020/9[10]/2007/2 |p 17A1089183 |r 2026-02-21 19:46:22 |t č. 7-12 |w 2026-02-21 |y PREZ | ||
| 952 | |0 0 |1 0 |4 0 |7 0 |8 0 |a SNK |b SNK |d 2015-08-11 |i snk2015/24201 |l 0 |o snkČSB 6020/9[10]/2007/2 D1 |p 17A1089184 |r 2026-02-21 19:46:22 |t č. 7-12 |w 2026-02-21 |y PREZ | ||
| 952 | |0 0 |1 0 |4 0 |7 0 |8 0 |a SNK |b SNK |d 2015-08-11 |i snk2015/24209 |l 0 |o snkČSB 6020/10[11]/2008/2 |p 17A1089185 |r 2026-02-21 19:46:22 |t č. 6-12 |w 2026-02-21 |y PREZ |z od č. 6 dvojčísla, označenie prvého sa vždy opakuje 6-7,7-8,8-9,9-10,10-11,11-12 | ||
| 952 | |0 0 |1 0 |4 0 |7 0 |8 0 |a SNK |b SNK |d 2015-08-11 |i snk2015/24216 |l 0 |o snkČSB 6020/10[11]/2008/2 D1 |p 17A1089186 |r 2026-02-21 19:46:22 |t č. 6-12 |w 2026-02-21 |y PREZ | ||
| 952 | |0 0 |1 0 |4 0 |7 0 |8 0 |a SNK |b SNK |d 2015-08-11 |i snk2015/24224 |l 0 |o snkČSB 6020/11[12]/2009/2 |p 17A1089187 |r 2026-02-21 19:46:22 |t č. 7-12 |w 2026-02-21 |y PREZ | ||
| 952 | |0 0 |1 0 |4 0 |7 0 |8 0 |a SNK |b SNK |d 2015-08-11 |i snk2015/24227 |l 0 |o snkČSB 6020/13/2010/2 |p 17A1089189 |r 2026-02-21 19:46:22 |t č. 7-12 |w 2026-02-21 |y PREZ | ||
| 952 | |0 0 |1 0 |4 0 |7 0 |8 0 |a SNK |b SNK |d 2015-08-11 |i snk2015/24231 |l 0 |o snkČSB 6020/13/2010/2 D1 |p 17A1089191 |r 2026-02-21 19:46:22 |t č. 7-12 |w 2026-02-21 |y PREZ | ||
| 952 | |0 0 |1 0 |4 0 |7 0 |8 0 |a SNK |b SNK |d 2015-08-11 |i snk2015/24237 |l 0 |o snkČSB 6020/14/2011/2 |p 17A1089190 |r 2026-02-21 19:46:22 |t č. 7-12 |w 2026-02-21 |y PREZ | ||
| 952 | |0 0 |1 0 |4 0 |7 0 |8 0 |a SNK |b SNK |d 2015-08-11 |i snk2015/24240 |l 0 |o snkČSB 6020/14/2011/1 D1 |p 17A1089192 |r 2026-02-21 19:46:22 |t č. 1-6 |w 2026-02-21 |y PREZ | ||
| 952 | |0 0 |1 0 |4 0 |7 0 |8 0 |a SNK |b SNK |d 2015-08-11 |i snk2015/24244 |l 0 |o snkČSB 6020/14/2011/2 D1 |p 17A1089193 |r 2026-02-21 19:46:22 |t č. 7-12 |w 2026-02-21 |y PREZ | ||
| 952 | |0 0 |1 0 |4 0 |7 0 |8 0 |a SNK |b SNK |d 2015-08-11 |i snk2015/24269 |l 0 |o snkČSB 6020/15/2012/1 |p 17A1089194 |r 2026-02-21 19:46:22 |t č. 1-6 |w 2026-02-21 |y PREZ | ||
| 952 | |0 0 |1 0 |4 0 |7 0 |8 0 |a SNK |b SNK |d 2015-08-11 |i snk2015/24271 |l 0 |o snkČSB 6020/15/2012/2 |p 17A1089195 |r 2026-02-21 19:46:22 |t č. 7-12 |w 2026-02-21 |y PREZ | ||
| 952 | |0 0 |1 0 |4 0 |7 0 |8 0 |a SNK |b SNK |d 2015-08-11 |i snk2015/24272 |l 0 |o snkČSB 6020/15/2012/1 D1 |p 17A1089196 |r 2026-02-21 19:46:22 |t č. 1-6 |w 2026-02-21 |y PREZ | ||
| 952 | |0 0 |1 0 |4 0 |7 0 |8 0 |a SNK |b SNK |d 2015-08-11 |i snk2015/24274 |l 0 |o snkČSB 6020/15/2012/2 D1 |p 17A1089197 |r 2026-02-21 19:46:22 |t č. 7-12 |w 2026-02-21 |y PREZ | ||
| 952 | |0 0 |1 0 |4 0 |7 0 |8 0 |a SNK |b SNK |d 2024-02-27 |i snk2024/3300 |l 0 |o snkČSB 6020/21/2020/1 D1 |p 17A1522702 |r 2026-02-21 19:48:32 |t č. 2-6 |w 2026-02-21 |y PREZ | ||
| 952 | |0 0 |1 0 |4 0 |7 0 |8 0 |a SNK |b SNK |d 2024-02-27 |i snk2024/3301 |l 0 |o snkČSB 6020/21/2020-2021/2 D1 |p 17A1522703 |r 2026-02-21 19:48:32 |t č. 7-12/1 |w 2026-02-21 |y PREZ | ||
| 952 | |0 0 |1 0 |4 0 |7 0 |8 0 |a SNK |b SNK |d 2024-02-27 |i snk2024/3302 |l 0 |o snkČSB 6020/22/2021-2022 |p 17A1522704 |r 2026-02-21 19:48:32 |t č. 2-12/1 |w 2026-02-21 |y PREZ | ||
| 952 | |0 0 |1 0 |4 0 |7 0 |8 0 |a SNK |b SNK |d 2024-02-27 |i snk2024/3303 |l 0 |o snkČSB 6020/23/2022-2023 |p 17A1522705 |r 2026-02-21 19:48:32 |t č. 2-12/1 |w 2026-02-21 |y PREZ | ||
| 952 | |0 0 |1 0 |4 0 |7 0 |8 0 |a SNK |b SNK |d 2024-02-27 |i snk2024/3304 |l 0 |o snkČSB 6020/24/2023-2024 |p 17A1522706 |r 2026-02-21 19:48:32 |t č. 2-12/1 |w 2026-02-21 |y PREZ | ||
| 952 | |0 0 |1 0 |4 0 |7 0 |8 0 |a SNK |b SNK |d 2024-02-27 |i snk2024/3305 |l 0 |o snkČSB 6020/24/2023-2024 D1 |p 17A1522707 |r 2026-02-21 19:48:33 |t č. 2-12/1 |w 2026-02-21 |y PREZ | ||
| 952 | |0 0 |1 0 |4 0 |7 0 |8 0 |a SNK |b SNK |d 2021-06-15 |i snk2021/7026 |l 0 |o snkČSB 6020/21/2020/1 |p 17A1433939 |r 2026-02-21 19:52:57 |t č. 2-6 |w 2026-02-21 |y PREZ |z Udávaný roč. XXI | ||
| 952 | |0 0 |1 0 |4 0 |7 0 |8 0 |a SNK |b SNK |d 2021-06-15 |i snk2021/7030 |l 0 |o snkČSB 6020/21/2020-2021/2 |p 17A1433940 |r 2026-02-21 19:52:58 |t č. 7-12/1 |w 2026-02-21 |y PREZ | ||
| 952 | |0 0 |1 0 |4 0 |7 0 |8 0 |a SNK |b SNK |d 2015-08-11 |i snk2015/24226 |l 0 |o snkČSB 6020/11[12]/2009/2 D1 |p 17A1089188 |r 2026-02-21 19:56:33 |t č. 7-12 |w 2026-02-21 |y PREZ | ||
| 952 | |0 0 |1 0 |4 0 |7 0 |8 0 |a SNK |b SNK |d 2024-02-28 |i snk2024/3396 |l 0 |o snkČSB 6020/22/2021-2022 D1 |p 17A1522722 |r 2026-02-21 19:58:33 |t č. 2-12/1 |w 2026-02-21 |y PREZ | ||
| 952 | |0 0 |1 0 |4 0 |7 0 |8 0 |a SNK |b SNK |d 2015-08-10 |i snk2015/24099 |l 0 |o snkČSB 6020/7/2004 D1 |p 17A1145390 |r 2026-02-21 20:42:50 |t č. 1-12, neúplné |w 2026-02-21 |y PREZ |z chýba č. 2 | ||
| 952 | |0 0 |1 0 |4 0 |7 0 |8 0 |a SNK |b SNK |d 2015-08-10 |i snk2015/24098 |l 0 |o snkČSB 6020/7/2004 |p 17A1145391 |r 2026-02-21 21:13:21 |t č. 1-12 |w 2026-02-21 |y PREZ | ||
| 952 | |0 0 |1 0 |4 0 |7 0 |8 0 |a SNK |b SNK |d 2018-04-26 |i snk2018/9516 |l 0 |o snkČSB 6020/18/2016/2 |p 17A1325847 |r 2026-02-21 21:56:47 |t č. 7-12 |w 2026-02-21 |y PREZ | ||
| 952 | |0 0 |1 0 |4 0 |7 0 |8 0 |a SNK |b SNK |d 2018-04-26 |i snk2018/9504 |l 0 |o snkČSB 6020/15/2013/1 |p 17A1325840 |r 2026-02-21 21:57:42 |t č. 1-6 |w 2026-02-21 |y PREZ | ||
| 952 | |0 0 |1 0 |4 0 |7 0 |8 0 |a SNK |b SNK |d 2018-04-26 |i snk2018/9506 |l 0 |o snkČSB 6020/15/2013/2 |p 17A1325841 |r 2026-02-21 21:57:42 |t č. 7-12 |w 2026-02-21 |y PREZ | ||
| 952 | |0 0 |1 0 |4 0 |7 0 |8 0 |a SNK |b SNK |d 2018-04-26 |i snk2018/9508 |l 0 |o snkČSB 6020/16/2014/1 |p 17A1325842 |r 2026-02-21 21:57:42 |t č. 1-6 |w 2026-02-21 |y PREZ | ||
| 952 | |0 0 |1 0 |4 0 |7 0 |8 0 |a SNK |b SNK |d 2018-04-26 |i snk2018/9509 |l 0 |o snkČSB 6020/16/2014/2 |p 17A1325843 |r 2026-02-21 21:57:42 |t č. 7-12 |w 2026-02-21 |y PREZ | ||
| 952 | |0 0 |1 0 |4 0 |7 0 |8 0 |a SNK |b SNK |d 2018-04-26 |i snk2018/9511 |l 0 |o snkČSB 6020/17/2015/1 |p 17A1325844 |r 2026-02-21 21:57:42 |t č. 1-6 |w 2026-02-21 |y PREZ |z Chybne uvedený rok v č. 1 | ||
| 952 | |0 0 |1 0 |4 0 |7 0 |8 0 |a SNK |b SNK |d 2018-04-26 |i snk2018/9513 |l 0 |o snkČSB 6020/17/2015/2 |p 17A1325845 |r 2026-02-21 21:57:42 |t č. 7-12 |w 2026-02-21 |y PREZ | ||
| 952 | |0 0 |1 0 |4 0 |7 0 |8 0 |a SNK |b SNK |d 2018-04-26 |i snk2018/9515 |l 0 |o snkČSB 6020/18/2016/1 |p 17A1325846 |r 2026-02-21 21:57:42 |t č. 1-6 |w 2026-02-21 |y PREZ | ||
| 952 | |0 0 |1 0 |4 0 |7 0 |8 0 |a SNK |b SNK |d 2019-10-29 |i snk2019/27641 |l 0 |o snkČSB 6020/19/2017/1 |p 17A1370866 |r 2026-02-21 21:59:48 |t č. 1-6 |w 2026-02-21 |y PREZ | ||
| 952 | |0 0 |1 0 |4 0 |7 0 |8 0 |a SNK |b SNK |d 2019-10-29 |i snk2019/27646 |l 0 |o snkČSB 6020/19/2017/2 |p 17A1370867 |r 2026-02-21 21:59:48 |t č. 7-12 |w 2026-02-21 |y PREZ | ||
| 952 | |0 0 |1 0 |4 0 |7 0 |8 0 |a SNK |b SNK |d 2019-10-29 |i snk2019/27651 |l 0 |o snkČSB 6020/19/2017/1 D1 |p 17A1370868 |r 2026-02-21 21:59:48 |t č. 1-6 |w 2026-02-21 |y PREZ | ||
| 952 | |0 0 |1 0 |4 0 |7 0 |8 0 |a SNK |b SNK |d 2019-10-29 |i snk2019/27652 |l 0 |o snkČSB 6020/19/2017/2 D1 |p 17A1370869 |r 2026-02-21 21:59:48 |t č. 7-12 |w 2026-02-21 |y PREZ | ||
| 952 | |0 0 |1 0 |4 0 |7 0 |8 0 |a SNK |b SNK |d 2019-10-29 |i snk2019/27658 |l 0 |o snkČSB 6020/20/2018/1 |p 17A1370870 |r 2026-02-21 21:59:48 |t č. 1-6 |w 2026-02-21 |y PREZ | ||
| 952 | |0 0 |1 0 |4 0 |7 0 |8 0 |a SNK |b SNK |d 2019-10-29 |i snk2019/27661 |l 0 |o snkČSB 6020/20/2018/2 |p 17A1370871 |r 2026-02-21 21:59:48 |t č. 7-12 |w 2026-02-21 |y PREZ | ||
| 952 | |0 0 |1 0 |4 0 |7 0 |8 0 |a SNK |b SNK |d 2019-10-29 |i snk2019/27662 |l 0 |o snkČSB 6020/20/2018/1 D1 |p 17A1370872 |r 2026-02-21 21:59:48 |t č. 1-6 |w 2026-02-21 |y PREZ | ||
| 952 | |0 0 |1 0 |4 0 |7 0 |8 0 |a SNK |b SNK |d 2019-10-29 |i snk2019/27663 |l 0 |o snkČSB 6020/20/2018/2 D1 |p 17A1370873 |r 2026-02-21 21:59:48 |t č. 7-12 |w 2026-02-21 |y PREZ | ||
| 952 | |0 0 |1 0 |4 0 |7 0 |8 0 |a SNK |b SNK |d 2020-03-06 |i snk2020/5847 |l 0 |o snkČSB 6020/21/2019/1 |p 17A1386402 |r 2026-02-21 22:30:06 |t č. 1-6 |w 2026-02-21 |y PREZ |z Číslo 1 vyšlo v decembri 2018 | ||
| 952 | |0 0 |1 0 |4 0 |7 0 |8 0 |a SNK |b SNK |d 2020-03-06 |i snk2020/5848 |l 0 |o snkČSB 6020/21/2019-2020/2 |p 17A1386382 |r 2026-02-21 22:30:06 |t č. 7-12/1 |w 2026-02-21 |y PREZ |z Číslo 12 vyšlo spoločne s č. 1/2020 | ||
| 952 | |0 0 |1 0 |4 0 |7 0 |8 0 |a SNK |b SNK |d 2020-03-06 |i snk2020/5851 |l 0 |o snkČSB 6020/21/2019/1 D1 |p 17A1386401 |r 2026-02-21 22:30:06 |t č. 1-6 |w 2026-02-21 |y PREZ |z Č. 1 vyšlo v decembri 2018 | ||
| 952 | |0 0 |1 0 |4 0 |7 0 |8 0 |a SNK |b SNK |d 2020-03-06 |i snk2020/5854 |l 0 |o snkČSB 6020/21/2019-2020/2 D1 |p 17A1386384 |r 2026-02-21 22:30:07 |t č. 7-12/1 |w 2026-02-21 |y PREZ |z Číslo 12 vyšlo spoločne s č. 1/2020 | ||


